000 00323nam a22001337a 4500
008 180116b xxu||||| |||| 00| 0 eng d
020 _a3540183531
041 _aeng
080 _a004
100 _a28
101 _aSHK
245 _aECOOP''87 european conference on object-oriented programming
_cGoos,G
942 _2udc
_cBK
999 _c40338
_d40338